00831nam a22002657a 4500003000500000005001700005008004100022010001000063011001000073035001000083040000900093082002000102111007300122245007200195260003100267300002000298490004000318650003700358650003800395650002600433700002200459700002400481700002000505830004000525CHAP20220329140837.0971013s1994 ne a r 10010 eng d a58491 a59463 a63621 cCHAP04a633.2bE83 199300aEucarpia Fodder Crops Section Meeting (n18d: 1993c: Loen, Norway)1 aBreeding fodder crops for marginal conditionsb: proceedings of ... aDordrecht :bKluwer,c1994 a329 p.b: ilus. aDevelopments in plant breedingv; 214aPlantas forrajerasxGermoplasma.14aPlantas forrajerasxMejoramiento.14aRecursos genéticos.0 aRognli, O. A.eed0 aSchjelderup, I.eed0 aSolberg, E.eed0 aDevelopments in plant breedingv; 2